Statistics for 拼音E/F开头的中国县级行政区County-Level Regions Starts with Pinyin E/F in China

Click here to take the quiz!

General Stats

  • This quiz has been taken 13 times
  • The average score is 57 of 112

Answer Stats

答案% Correct
肥东县
100%
肥西县
100%
福清市
92%
费县
92%
恩平市
85%
福安市
85%
樊城区
85%
法库县
85%
福鼎市
85%
恩施市
85%
肥城市
85%
汾阳市
85%
丰县
77%
防城区
77%
额济纳旗
77%
丰城市
77%
鄂城区
77%
佛坪县
77%
房县
77%
富阳区
77%
阜新蒙古族自治县
69%
鄂伦春自治旗
69%
二道区
69%
峨眉山市
69%
扶余市
69%
方城县
69%
富平县
69%
佛冈县
69%
丰都县
62%
涪陵区
62%
阜宁县
62%
房山区
62%
坊子区
62%
凤城市
62%
富县
62%
凤县
62%
额尔古纳市
62%
丰南区
62%
峰峰矿区
54%
福海县
54%
凤山县
54%
奉贤区
54%
丰台区
54%
凤翔区
54%
凤凰县
54%
丰润区
54%
丰宁满族自治县
54%
富源县
54%
富顺县
54%
恩阳区
54%
富宁县
54%
繁昌区
54%
阜南县
54%
方山县
54%
方正县
54%
奉化区
54%
抚顺县
54%
奉节县
54%
浮梁县
46%
富民县
46%
阜康市
46%
抚远市
46%
富裕县
46%
福田区
46%
峨边彝族自治县
46%
峨山彝族自治县
46%
鄂温克族自治旗
46%
二道江区
46%
二连浩特市
46%
范县
46%
肥乡区
46%
封丘县
46%
凤阳县
38%
丰满区
38%
府谷县
38%
分宜县
38%
凤台县
38%
福泉市
38%
抚宁区
38%
丰镇市
38%
封开县
38%
芙蓉区
38%
富蕴县
38%
阜平县
31%
凤冈县
31%
复兴区
31%
丰顺县
31%
繁峙县
31%
丰泽区
31%
洱源县
31%
抚松县
31%
汾西县
31%
浮山县
31%
奉新县
31%
福山区
31%
涪城区
31%
额敏县
23%
鄂托克旗
23%
凤泉区
23%
二七区
23%
富川瑶族自治县
23%
富锦市
23%
鄂托克前旗
23%
扶风县
23%
凤庆县
23%
扶绥县
23%
扶沟县
15%
福贡县
15%
阜城县
15%
丰林县
8%
福绵区
8%
富拉尔基区
0%

Score Distribution

Percentile by Number Answered

Percent of People with Each Score

Your Score History

You have not taken this quiz